Estrategia contra el hambre

Збережено в:
Бібліографічні деталі
Автор: Borgstrom, Georg (Автор)
Формат: Книга
Мова:Іспанська
Опубліковано: Ciudad de México Pax-México 1976
Предмети:
Теги: Додати тег
Немає тегів, Будьте першим, хто поставить тег для цього запису!

MARC

LEADER 00000nam a2200000 a 4500
001 UCV3825
003 CL-VaPUC
008 930430e19760000MX |||||||||||||||||spa|d
082 0 4 |a 338.19  |b BOR  |2 21 
100 0 |a Borgstrom, Georg  |e author  |9 298208 
245 1 0 |a Estrategia contra el hambre 
300 |a 383 p 
942 |c BK 
945 |d 19930430 00:00:00 
260 |a Ciudad de México  |b Pax-México  |c 1976 
650 7 |a SUMINISTRO DE ALIMENTOS  |2 CL-VaPUC  |9 298209 
583 |a last modification  |c 20141125 05:04:56  |k Rodrigo Vera 
999 |c 210948  |d 210946 
952 |0 0  |1 0  |4 0  |6 338_190000000000000_BOR_1976  |7 0  |8 A  |9 188046  |a BIBALI  |b BIBALI  |c GEN  |d 2019-11-14  |i 2555174  |o 338.19 BOR 1976  |p 2555174  |r 2025-01-20  |w 2019-11-14  |y BK  |k ALI 
952 |0 0  |1 0  |4 0  |6 338_190000000000000_BOR_1976  |7 0  |8 A  |9 188047  |a BIBGIM  |b BIBGIM  |d 2019-11-14  |i 1999133  |o 338.19 BOR 1976  |p 1999133  |r 2025-01-15  |w 2019-11-14  |y BK  |k SSL